Представление документа в формате MARC21

Поле Инд. ПП Название Значение
Тип записи a
Библиографический уровень b
001 Контрольный номер RU/IS/BASE/109352335
005 Дата корректировки 20200630193156.8
084 a Индекс другой классификации/Индекс ББК 74.480.266
a Индекс другой классификации/Индекс ББК 60.50р30
100 1_ a Автор Селезнева Т. В.
245 a Заглавие Программа курса "Социологические проблемы изучения общественного мнения"
500 a Примечание В рубрике "В помощь преподавателю"
650 a Основная рубрика высшее образование
a Основная рубрика дидактика
a Основная рубрика методика преподавания
a Основная рубрика образование
a Основная рубрика профессиональное образование
a Основная рубрика социология
653 a Ключевые слова общественное мнение
a Ключевые слова преподавание социологии
a Ключевые слова социологические исследования
773 t Заглавие источника Вестник Московского университета. Серия 18, Социология и политология
d Дата издания источника 2002
g Прочая информация № 3. - С. 191 - 196
w Контрольный № источника RU/IS/BASE/148577983
901 t Тип документа b